000 00294nam a22001337a 4500
008 170824b xxu||||| |||| 00| 0 eng d
020 _a9780133266795
041 _aeng
080 _a51
100 _a38
101 _aMAT
245 _aFOUNDATIONS ANALYSIS
_cBELDING.D.F
942 _2udc
_cBK
999 _c24941
_d24941